Statistics for New York Knicks NBA Playoffs Leaders Per Year

Click here to take the quiz!

General Stats

  • This quiz has been taken 360 times
    (127 since last reset)
  • The average score is 18 of 63

Answer Stats

Player% Correct
Julius Randle
97%
Carmelo Anthony
95%
Patrick Ewing
95%
Jalen Brunson
90%
Mitchell Robinson
85%
Truck Robinson
85%
Walt Frazier
75%
Willis Reed
74%
Derrick Rose
67%
John Starks
67%
Tyson Chandler
59%
Charles Oakley
57%
Allan Houston
53%
Mark Jackson
53%
Phil Jackson
53%
Bernard King
51%
Latrell Sprewell
48%
Dave DeBusschere
44%
Earl Monroe
36%
Ray Williams
36%
Stephon Marbury
33%
Raymond Felton
27%
Marcus Camby
26%
Kurt Thomas
25%
Richie Guerin
25%
Charlie Ward
21%
Derek Harper
21%
Baron Davis
20%
Micheal Ray Richardson
20%
Bill Cartwright
19%
Dick Barnett
17%
Doc Rivers
17%
Taj Gibson
17%
Bob McAdoo
15%
Chris Childs
14%
Freddie Crawford
13%
Gerald Wilkins
13%
Harry Gallatin
13%
Walt Bellamy
13%
Carl Braun
12%
Dikembe Mutombo
12%
Darrell Walker
11%
Henry Walker
11%
Kenyon Martin
11%
Mike Bibby
11%
Dick McGuire
10%
Kiki Vandeweghe
9%
Willie Naulls
9%
Maurice Cheeks
6%
Max Zaslofsky
6%
Marvin Webster
5%
Rory Sparrow
5%
Nat Clifton
4%
Butch Beard
3%
Campy Russell
3%
Charlie Tyra
3%
Jared Jeffries
3%
John Gianelli
3%
Larry Demic
3%
Bud Palmer
2%
Jim Baechtold
2%
Lee Knorek
2%
Stan Stutz
2%

Score Distribution

Percentile by Number Answered

Percent of People with Each Score

Your Score History

You have not taken this quiz since the last reset